| 000 | 00889nam a22002057a 4500 | ||
|---|---|---|---|
| 008 | 100427t xxu||||| |||| 00| 0 eng d | ||
| 082 |
_222 _a320.54 _bع و ن |
||
| 100 |
_913712 _aعون، حسن |
||
| 245 |
_aصور ملهمة من واقع المجتمع العربي / _cحسن عون . |
||
| 250 | _aط2. | ||
| 260 |
_aالقاهرة : _bدار المعارف ، _c1967. |
||
| 300 |
_a328 ص : _c24 سم. |
||
| 504 | _aيحتوي علي ارجاعات ببليوجرافية | ||
| 650 |
_913384 _aالقومية العربية |
||
| 650 |
_916855 _aالإسلام و اليهودية |
||
| 650 |
_917579 _aالدولة الأموية |
||
| 650 |
_98792 _aالحضارة العربية |
||
| 942 |
_2ddc _cBB |
||
| 999 |
_c13944 _d13944 |
||